<?xml version="1.0" encoding="UTF-8"?>
<record
    xmlns:xsi="http://www.w3.org/2001/XMLSchema-instance"
    xsi:schemaLocation="http://www.loc.gov/MARC21/slim http://www.loc.gov/standards/marcxml/schema/MARC21slim.xsd"
    xmlns="http://www.loc.gov/MARC21/slim">

  <leader>00598nam a2200181Ia 4500</leader>
  <controlfield tag="001">65771</controlfield>
  <controlfield tag="003">OSt</controlfield>
  <controlfield tag="005">20150701114844.0</controlfield>
  <controlfield tag="008">150403s9999    xx            000 0 und d</controlfield>
  <datafield tag="040" ind1=" " ind2=" ">
    <subfield code="c">PK-LaUMT</subfield>
  </datafield>
  <datafield tag="082" ind1=" " ind2=" ">
    <subfield code="a"> 891.4393</subfield>
    <subfield code="b">SHO-K</subfield>
  </datafield>
  <datafield tag="100" ind1=" " ind2=" ">
    <subfield code="a">Shohrat Bokhari(&#x634;&#x6C1;&#x631;&#x62A; &#x628;&#x62E;&#x627;&#x631;&#x6CC;)</subfield>
  </datafield>
  <datafield tag="245" ind1=" " ind2=" ">
    <subfield code="a">Khoay howon ki jostju (Urdu)(&#x6A9;&#x6BE;&#x648;&#x626;&#x6D2; &#x6C1;&#x648;&#x648;&#x6BA; &#x6A9;&#x6CC; &#x62C;&#x633;&#x62A;&#x62C;&#x648;)</subfield>
    <subfield code="c">Shohrat Bokhari(&#x634;&#x6C1;&#x631;&#x62A; &#x628;&#x62E;&#x627;&#x631;&#x6CC;)</subfield>
  </datafield>
  <datafield tag="260" ind1=" " ind2=" ">
    <subfield code="a">Lahore,Pakistan:(&#x644;&#x627;&#x6C1;&#x648;&#x631;&#x60C; &#x67E;&#x627;&#x6A9;&#x633;&#x62A;&#x627;&#x646; )</subfield>
    <subfield code="b">Sang-e-Meel Publications,(&#x633;&#x646;&#x6AF; &#x645;&#x6CC;&#x644; &#x67E;&#x628;&#x644;&#x6CC;&#x6A9;&#x6CC;&#x634;&#x646;&#x632;)</subfield>
    <subfield code="c">2002</subfield>
  </datafield>
  <datafield tag="300" ind1=" " ind2=" ">
    <subfield code="a">452 p.</subfield>
  </datafield>
  <datafield tag="546" ind1=" " ind2=" ">
    <subfield code="a">UR</subfield>
  </datafield>
  <datafield tag="942" ind1=" " ind2=" ">
    <subfield code="c">BK</subfield>
    <subfield code="2">ddc</subfield>
  </datafield>
  <datafield tag="999" ind1=" " ind2=" ">
    <subfield code="c">69080</subfield>
    <subfield code="d">69080</subfield>
  </datafield>
  <datafield tag="952" ind1=" " ind2=" ">
    <subfield code="0">0</subfield>
    <subfield code="1">0</subfield>
    <subfield code="4">0</subfield>
    <subfield code="7">0</subfield>
    <subfield code="a">01</subfield>
    <subfield code="b">01</subfield>
    <subfield code="d">2015-04-03</subfield>
    <subfield code="l">4</subfield>
    <subfield code="o"> 891.4393 SHO-K</subfield>
    <subfield code="p">89075</subfield>
    <subfield code="r">2020-02-04 00:00:00</subfield>
    <subfield code="s">2020-01-04</subfield>
    <subfield code="w">2015-04-03</subfield>
    <subfield code="y">BK</subfield>
  </datafield>
</record>
